| 000 | 00549nam a2200205Ia 4500 | ||
|---|---|---|---|
| 003 | OSt | ||
| 005 | 20220926044653.0 | ||
| 006 | a|||||r|||| 00| 0 | ||
| 007 | ta | ||
| 008 | 220923b |||||||| |||| 00| 0 eng d | ||
| 037 | _cGeneral Book | ||
| 040 |
_aRTL _cRTL _beng |
||
| 041 |
_2eng _aeng |
||
| 082 | _aX9J::5921:N2, GD | ||
| 100 |
_aMitrany D _9349321 |
||
| 245 | 0 |
_aLand and the peasant in Romania _b the war and agrar |
|
| 260 | _c1930 | ||
| 942 |
_hX9J::5921:N2, GD _cGB _2CC |
||
| 999 |
_c675516 _d675516 |
||